Word Ladder: 1963 #1 Hit Quiz Stats

 Plays Quiz Updated Jan 3, 2013

Support Sporcle.
Go Orange.
Score 0/12 Timer 01:00
0 Plays Today
Word % Correct
BUY
95.3%
BAY
94.8%
★ DAY ★
90.5%
PILL
89.3%
POLE
88.3%
OUT
86.8%
BUT
85.3%
★ WILL ★
83.3%
★ OUR ★
80.9%
POLL
79.7%
COLE
76.3%
★ COME ★
73.5%

Today's Daily Dose

Word Ladder
ING Words

Get the Picture
Nearest Volcano

From the Vault

6-Letter Countries by 4 Letters

by MSUKent

These countries lost a couple letters and need some help finding them.
Remove Ads.
Support Sporcle.
Get the best of Sporcle when you Go Orange. This ad-free experience offers more features, more stats, and more fun while also helping to support Sporcle. Thank you for becoming a member.

Show Comments

Extras

Top Quizzes Today


Score Distribution

Your Account Isn't Verified!

In order to create a playlist on Sporcle, you need to verify the email address you used during registration. Go to your Sporcle Settings to finish the process.

Report this User

Report this user for behavior that violates our Community Guidelines.

Details: